Cutback management in public bureaucracies : popular theories and observed outcomes in Whitehall (Record no. 143669)

MARC details
000 -LEADER
fixed length control field 00742nam a2200229Ia 4500
008 - FIXED-LENGTH DATA ELEMENTS--GENERAL INFORMATION
fixed length control field 191130s2010##################000#0#eng##
020 ## - INTERNATIONAL STANDARD BOOK NUMBER
ISBN 9780521130752
082 ## - DEWEY DECIMAL CLASSIFICATION NUMBER
Classification number 351.41 DUN
100 ## - MAIN ENTRY--AUTHOR NAME
Personal name Dunsire, Andrew
245 ## - TITLE STATEMENT
Title Cutback management in public bureaucracies : popular theories and observed outcomes in Whitehall
Statement of responsibility, etc Andrew Dunsire and Christopher Hood
260 ## - PUBLICATION, DISTRIBUTION, ETC. (IMPRINT)
Place of publication Cambridge
Name of publisher Cambridge University Press
Year of publication 2010
300 ## - PHYSICAL DESCRIPTION
Number of Pages xiv. 254 p
650 ## - SUBJECT ADDED ENTRY--TOPICAL TERM
Topical Term Administrative agencies, Management
Topical Term Bureaucracy
Topical Term Government spending policy
Topical Term Great Britain
700 ## - ADDED ENTRY--PERSONAL NAME
Personal name Hood, Christopher
991 ## -
-- 47804
Holdings
Withdrawn status Lost status Damaged status Not for loan Home library Current library Shelving location Date acquired Full call number Accession Number Price effective from Koha item type
        Anna Centenary Library Anna Centenary Library 4TH FLOOR, A WING 12.10.2020 351.41 DUN 237162 12.10.2020 English Books

Find us on the map